000 00877nam0a22002531 4500
001 rc\2568774
005 20250623111550.0
035 _a(NLR Aleph) 006733566
090 _a5569766
_c5569766
100 _a20110914d1927 |||y0rusy50 ca
101 0 _arus
102 _aRU
105 _ay ej |||||
200 1 _aРабочий немецко-русский словарь
_eС прилож. краткой грамматики
_fПод ред. А. Несслера
205 _a3-е изд., испр. и доп.
210 _aМосква
_aЛенинград
_cГос. изд-во
_d1927
_eМосква
_g1-я Образцовая тип.
215 _a431 с.
_d18х13 см.
300 _aВ переплете-папке
702 1 _aНесслер
_bА.
_4340
801 0 _aRU
_bNLR
_gpsbo
801 1 _aRU
_bELAR
_2rusmarc
852 _aNLR
_j49/370
942 _cBOOK
980 _aNB